Sports Quiz

Random Sports or Cricket Quiz

Lancashire CCC players 2011 Quiz Stats

 Plays Quiz not verified by Sporcle

Also try: Formula One Champs
Challenge
Share
Tweet
Embed
Score 0/19 Timer 05:00
0 Plays Today
% Correct
Glen Chapple
82.4%
James Anderson
81.2%
Steven Croft
81.2%
Gary Keedy
80%
Simon Kerrigan
77.6%
Sajid Mahmood
76.5%
Gareth Cross
74.1%
Paul Horton
74.1%
Tom Smith
72.9%
Kyle Hogg
71.8%
% Correct
Stephen Moore
71.8%
Karl Brown
62.4%
Stephen Parry
57.6%
Mark Chilton
56.5%
Farveez Maharoof
54.1%
Oliver Newby
51.8%
Luke Procter
44.7%
Andrea Agathangelou
23.5%
Steven Cheetham
21.2%

You're not logged in!

Compare scores with friends on all Sporcle quizzes.
Join for Free
OR
Log In

You Might Also Like...

Show Comments

Extras

Top Quizzes Today


Score Distribution

Your Account Isn't Verified!

In order to create a playlist on Sporcle, you need to verify the email address you used during registration. Go to your Sporcle Settings to finish the process.

Report this User

Report this user for behavior that violates our Community Guidelines.

Details: